| 000 | 00532nam a22001697a 4500 | ||
|---|---|---|---|
| 005 | 20240809100119.0 | ||
| 008 | 240809b |||||||| |||| 00| 0 eng d | ||
| 020 | _a9780409117936 | ||
| 041 | _aEnglish | ||
| 082 | _a349 SOU | ||
| 100 | _lEnglish | ||
| 245 | _aButterworths Consolidated Index and Noter-Up to the South African Law Reports 1947-2008 | ||
| 260 |
_aDurban: _bButterworth LexisNexis, _c2009 |
||
| 300 |
_bix, 1039 pages; _c25 cm. |
||
| 650 |
_aLegal practice _bLaw |
||
| 942 |
_cBK _6ALISON_BN_VRIES |
||
| 999 |
_c2545 _d2545 |
||